000 00670nam a2200193Ia 4500
003 OSt
005 20250203150227.0
008 210210b1995 xxu||||| |||| 00| 0 eng d
040 _cAL
041 _aKannada
082 _aK894.9 MALV
100 _aMALLEPURAM G VENKATESHA.
_d ಮಲ್ಲೇಪುರಂ ಜಿ ವೆಂಕಟೇಶ
_9197245
245 _aVenugopala Soraba avara ayda lekanagalu.
_bವೇಣುಗೋಪಾಲ ಸೊರಬ ಅವರ ಆಯ್ದ ಲೇಖನಗಳು
260 _aBengaluru.
_bKannada Mattu Samskrathi Nirdeshanalaya.,
_c1995
300 _axvi,252
690 _aKannada Criticism
_9197246
906 _a057745
942 _2ddc
_cBK
999 _c104885
_d104885